Statistics for Indie Artists by Song Name

Click here to take the quiz!

General Stats

  • This quiz has been taken 28 times
  • The average score is 14 of 44

Answer Stats

SongArtist% Correct
505Arctic Monkeys
78%
PompeiiBastille
74%
Ho HeyThe Lumineers
70%
Stressed OutTwenty One Pilots
70%
RiptideVance Joy
67%
Washing Machine HeartMitski
59%
Cigarette DaydreamsCage the Elephant
56%
Motion SicknessPhoebe Bridgers
52%
Dont Look Back in AngerOasis
48%
Mary On a CrossGhost
44%
Look Whos Inside AgainBo Burnham
41%
This is HomeCavetown
41%
Line Without A HookRicky Montgomery
41%
I Cant Handle ChangeRoar
41%
BubblegumClairo
37%
Little TalksOf Monsters and Men
37%
FreaksSurf Curse
37%
Not AllowedTV Girl
37%
SparksColdplay
33%
Twin Size MattressThe Front Bottoms
33%
idfcBlackbear
30%
Best FriendRex Orange County
30%
Alien BluesVundabar
30%
TreehouseAlex G
26%
FoolFrankie Cosmos
26%
Its Called: FreefallRKS
26%
I Love You SoThe Walters
26%
Rises the MoonLiana Flores
22%
BeachboyMcCafferty
22%
Meet Me at Our SpotTHE ANXIETY
22%
MsAlt-J
19%
This Side of ParadiseCoyote Theory
19%
KidsCurrent Joys
19%
Looking Out For YouJoy Again
19%
Seventeen Going UnderSam Fender
19%
JealousEyedress
15%
RenegadesX Ambassadors
15%
Two MoonsBoyWithUke
11%
Never Going Back AgainFleetwood Mac
11%
Flashed Junk MindMilky Chance
11%
Lets Fall in LoveMother Mother
7%
MawceEverybody’s Worried About Owen
4%
Nights Like ThesePigeon Pit
4%
Tired and AwakeOliver Riot
0%

Score Distribution

Percentile by Number Answered

Percent of People with Each Score

Your Score History

You have not taken this quiz